Media and Education / (Record no. 1033)

000 -LEADER
fixed length control field 00924nam a22002057a 4500
003 - CONTROL NUMBER IDENTIFIER
control field OSt
005 - DATE AND TIME OF LATEST TRANSACTION
control field 20140116120843.0
008 - FIXED-LENGTH DATA ELEMENTS--GENERAL INFORMATION
fixed length control field 121122b xxu||||| |||| 00| 0 eng d
020 ## - INTERNATIONAL STANDARD BOOK NUMBER
International Standard Book Number 8171693113
040 ## - CATALOGING SOURCE
Original cataloging agency LoC
Language of cataloging English
050 ## - LIBRARY OF CONGRESS CALL NUMBER
Classification number LB5.N25 2009
100 ## - MAIN ENTRY--PERSONAL NAME
Personal name Sharma, B.M (ed..).
245 ## - TITLE STATEMENT
Title Media and Education /
Statement of responsibility, etc B.M. Sharma
260 ## - PUBLICATION, DISTRIBUTION, ETC. (IMPRINT)
Place of publication, distribution, etc India
Name of publisher, distributor, etc Common wealth publishers
Date of publication, distribution, etc 2009
300 ## - PHYSICAL DESCRIPTION
Extent v.:48p.
Other physical details ill
440 ## - SERIES STATEMENT/ADDED ENTRY--TITLE
Title Global education series
504 ## - BIBLIOGRAPHY, ETC. NOTE
Bibliography, etc Includes bibliography
505 ## - FORMATTED CONTENTS NOTE
Formatted contents note Business of education---Education and Environment---The media---The learning resource center--- Creative learning---Mediated instructional procedures---Auditory media---Media and social and technological change---Non-projected graphic and print media---when to use still vesual media---the impact of communication technology---The use of broadcasting---the use of satellites in open learning systems
942 ## - ADDED ENTRY ELEMENTS (KOHA)
Source of classification or shelving scheme
Koha item type Book
Holdings
Withdrawn status Lost status Source of classification or shelving scheme Damaged status Not for loan Home library Current library Date acquired Total Checkouts Full call number Barcode Date last seen Date checked out Copy number Price effective from Koha item type
          Riara University Library Riara University Library 22/11/2012 3 LB5.N25 2009 3579/12 16/04/2018 16/04/2018 C.1 22/11/2012 Book

Riara University Library,
P.O. Box 49940-00100,
Nairobi, Kenya.